Govt. of
Madhya Pradesh

Expert Guide To Windows Nt 4 Registry (Record no. 32668)

MARC details
000 -LEADER
fixed length control field 003370000a22001450004500
003 - CONTROL NUMBER IDENTIFIER
control field MACL
040 ## - CATALOGING SOURCE
Original cataloging agency MACL
090 ## - LOCALLY ASSIGNED LC-TYPE CALL NUMBER (OCLC); LOCAL CALL NUMBER (RLIN)
-- 33005
-- 33003
100 ## - MAIN ENTRY--PERSONAL NAME
Personal name Hipson, Peter D
245 ## - TITLE STATEMENT
Title Expert Guide To Windows Nt 4 Registry
260 ## - PUBLICATION, DISTRIBUTION, ETC. (IMPRINT)
Name of publisher, distributor, etc. BP B Publications
Date of publication, distribution, etc. 1999
350 ## - PRICE (NR) (BK AM CF MU VM SE) [OBSOLETE]
Price 399
650 ## - SUBJECT ADDED ENTRY--TOPICAL TERM
Topical term or geographic name as entry element Computer probraming
942 ## - ADDED ENTRY ELEMENTS (KOHA)
Koha item type Library Membar
Call number prefix 005/ 368
Holdings
Withdrawn status Lost status Damaged status Not for loan Home library Current library Date acquired Total Checkouts Full call number Barcode Date last seen Uniform Resource Identifier Price effective from Koha item type
        MACL MACL 15/04/2015   005/ 368 BOOK CLC2411 29/04/2015 32724 15/04/2015 Books